000
00256nam a2200121Ia 4500
100
_a
Nambi/K.V
942
_c
BK
245
_a
Workshop science & Engineering
260
_b
Tehnical services
_c
2001
082
_a
621.9
300
_a
354
546
_a
ENGLISH
999
_c
20593
_d
20593